| 000 | 00702nam a2200181 i 4500 | ||
|---|---|---|---|
| 001 | 59053 | ||
| 003 | ES-MaACL | ||
| 005 | 20230906163942.0 | ||
| 007 | t| | ||
| 008 | 031027s1921 sp ||||1| spa d | ||
| 100 | 1 |
_aEchegaray, Bonifacio de. _946522 |
|
| 245 | 1 | 3 |
_aEl proceso de la Zamacolada / _cconferencia de Bonifacio de Echegaray leída en la Sociedad Filarmónica de Bilbao el día 20 de Marzo de 1920. |
| 260 |
_aBilbao : _b[s.n.], _c1921 ( _fBilbaína de Artes Gráficas) |
||
| 300 |
_a63 p. ; _c24 cm. |
||
| 500 | _aPrecede al tit.: Conferencias organizadas por la "Junta de Cultura Vasca" para el ciclo de 1920. | ||
| 710 | 2 |
_aJunta de Cultura Vasca. _95387 |
|
| 852 |
_aES-MaACL _j1604-F-21 |
||
| 999 |
_c59053 _d59053 |
||